[Event "P-4847"]
[Site "IECC email"]
[Date "2013.08.01"]
[Round "?"]
[White "Kirk, Matthew"]
[Black "Hurley, Karen Jean"]
[Result "0-1"]
[WhiteElo "1303"]
[BlackElo "1238"]
[PlyCount "32"]
[EventDate "2013.??.??"]
[EventType "tourn (corr)"]
[SourceTitle "Corr 2020"]
[Source "ChessBase"]
[SourceDate "2019.09.30"]
[SourceVersion "1"]
[SourceVersionDate "2019.09.30"]
[SourceQuality "1"]
[WhiteTeam "England"]
[BlackTeam "England"]
[WhiteTeamCountry "ENG"]
[BlackTeamCountry "ENG"]

1. e4 e5 2. Nf3 Nc6 3. Bb5 a6 4. Ba4 Nf6 5. 0-0 b5 6. Bb3 Bb7 7. d3 Bc5 8. Nc3 0-0 9. a3 h6 10. h3 Bd4 11. Nd5 Rb8 12. c3 Ba7 13. Nxf6+ Qxf6 14. Qe2 Nd8 15. Be3 Bxe3 16. Qxe3 Nc6 0-1

[Event "IECC CL6-2012.05 email"]
[Site "IECC email"]
[Date "2012.09.20"]
[Round "?"]
[White "Garau, Bernard"]
[Black "Hurley, Karen Jean"]
[Result "1-0"]
[WhiteElo "1672"]
[BlackElo "1321"]
[PlyCount "51"]
[EventDate "2012.??.??"]
[EventType "tourn (corr)"]
[EventRounds "4"]
[SourceTitle "Telechess CBM 165"]
[Source "ChessBase"]
[SourceDate "2015.03.11"]
[SourceVersion "1"]
[SourceVersionDate "2015.03.11"]
[SourceQuality "1"]
[WhiteTeam "France"]
[BlackTeam "England"]
[WhiteTeamCountry "FRA"]
[BlackTeamCountry "ENG"]

1. d4 d5 2. c4 e6 3. Nc3 Nf6 4. Bg5 h6 5. Bh4 c6 6. e3 Bb4 7. Bd3 Be7 8. Nf3 Nbd7 9. 0-0 0-0 10. Qb3 b6 11. Rfd1 Re8 12. h3 Nf8 13. Qa4 Bd7 14. Ne5 Qc8 15. Bg3 Nh5 16. Bh2 Nf6 17. Rac1 c5 18. Nxd7 Qxd7 19. cxd5 Qxa4 20. Nxa4 cxd4 21. d6 Bd8 22. Bb5 N6d7 23. Rxd4 Bf6 24. Rdc4 Red8 25. Rc7 a6 26. Bxd7 1-0

[Event "IECC CL6-2011.10 email"]
[Site "IECC email"]
[Date "2011.08.16"]
[Round "?"]
[White "Phillips, David A"]
[Black "Hurley, Karen Jean"]
[Result "1/2-1/2"]
[WhiteElo "1253"]
[BlackElo "1341"]
[PlyCount "52"]
[EventDate "2011.??.??"]
[EventType "tourn (corr)"]
[EventRounds "4"]
[SourceTitle "Telechess CBM 165"]
[Source "ChessBase"]
[SourceDate "2015.03.11"]
[SourceVersion "1"]
[SourceVersionDate "2015.03.11"]
[SourceQuality "1"]
[WhiteTeam "England"]
[BlackTeam "England"]
[WhiteTeamCountry "ENG"]
[BlackTeamCountry "ENG"]

1. d4 d5 2. c4 c6 3. cxd5 cxd5 4. Nc3 Nc6 5. Nf3 Nf6 6. Bf4 a6 7. e3 Bg4 8. Be2 e6 9. h3 Bxf3 10. Bxf3 Bb4 11. Qc2 0-0 12. 0-0 Bxc3 13. bxc3 h6 14. e4 dxe4 15. Bxe4 Nxe4 16. Qxe4 Re8 17. Rab1 Qd7 18. Rfd1 Qd5 19. Qxd5 exd5 20. Rb2 b5 21. Kf1 Ra7 22. a3 g5 23. Bg3 f5 24. Re2 Rxe2 25. Kxe2 f4 26. Bh2 Re7+ 1/2-1/2

[Event "IECC CL6-2011.07 email"]
[Site "IECC email"]
[Date "2011.06.08"]
[Round "?"]
[White "Hurley, Karen Jean"]
[Black "D'Aragona, Vittoria"]
[Result "0-1"]
[WhiteElo "1334"]
[BlackElo "1375"]
[PlyCount "46"]
[EventDate "2011.??.??"]
[EventType "tourn (corr)"]
[EventRounds "4"]
[SourceTitle "Telechess CBM 149"]
[Source "ChessBase"]
[SourceDate "2012.07.17"]
[SourceVersion "1"]
[SourceVersionDate "2012.07.17"]
[SourceQuality "1"]
[WhiteTeam "Scotland"]
[BlackTeam "Italy"]
[WhiteTeamCountry "SCO"]
[BlackTeamCountry "ITA"]

1. e4 e6 2. d4 d5 3. Nd2 c5 4. exd5 Qxd5 5. Ngf3 cxd4 6. Bc4 Qd8 7. 0-0 Nc6 8. Bb5 a6 9. Bxc6+ bxc6 10. Nb3 c5 11. Re1 Nf6 12. Bg5 Be7 13. Bxf6 gxf6 14. Qd2 0-0 15. Qh6 Bb7 16. Rad1 Bxf3 17. gxf3 Qd5 18. Qh3 Kh8 19. Kh1 Rg8 20. Rg1 Qc4 21. Rc1 Qe2 22. Rg2 Rxg2 23. Qxg2 Rg8 0-1

[Event "IECC CL6-2011.05 email"]
[Site "IECC email"]
[Date "2011.04.13"]
[Round "?"]
[White "Hurley, Karen Jean"]
[Black "D'Aragona, Vittoria"]
[Result "0-1"]
[WhiteElo "1342"]
[BlackElo "1483"]
[PlyCount "44"]
[EventDate "2011.??.??"]
[EventType "tourn (corr)"]
[EventRounds "4"]
[SourceTitle "Telechess CBM 149"]
[Source "ChessBase"]
[SourceDate "2012.07.17"]
[SourceVersion "1"]
[SourceVersionDate "2012.07.17"]
[SourceQuality "1"]
[WhiteTeam "Scotland"]
[BlackTeam "Italy"]
[WhiteTeamCountry "SCO"]
[BlackTeamCountry "ITA"]

1. d4 Nf6 2. Nf3 e6 3. Bg5 Be7 4. Bxf6 Bxf6 5. e3 0-0 6. c3 d5 7. Bd3 c5 8. b3 Nc6 9. Qc2 cxd4 10. exd4 e5 11. dxe5 Nxe5 12. Nbd2 Nxd3+ 13. Qxd3 Re8+ 14. Kd1 b5 15. Kc2 b4 16. Nb1 Qb6 17. Qd2 Bf5+ 18. Kd1 Rac8 19. Nd4 bxc3 20. Qf4 c2+ 21. Nxc2 Bxc2+ 22. Kd2 Bg5 0-1

[Event "IECC CL6-2011.05 email"]
[Site "IECC email"]
[Date "2011.04.13"]
[Round "?"]
[White "Hurley, Karen Jean"]
[Black "Young, David"]
[Result "1-0"]
[WhiteElo "1303"]
[BlackElo "1189"]
[PlyCount "55"]
[EventDate "2011.??.??"]
[EventType "tourn (corr)"]
[EventRounds "4"]
[SourceTitle "Telechess CBM 149"]
[Source "ChessBase"]
[SourceDate "2012.07.17"]
[SourceVersion "1"]
[SourceVersionDate "2012.07.17"]
[SourceQuality "1"]
[WhiteTeam "Scotland"]
[BlackTeam "Scotland"]
[WhiteTeamCountry "SCO"]
[BlackTeamCountry "SCO"]

1. e4 e5 2. Nf3 d6 3. d4 Nc6 4. d5 Na5 5. b4 Nc4 6. Bxc4 Nf6 7. Bg5 h6 8. Bxf6 Qxf6 9. Bb5+ Kd8 10. 0-0 a6 11. Be2 Bd7 12. c4 b6 13. Nc3 h5 14. h3 Rh6 15. Nh2 c6 16. Bxh5 g6 17. Bg4 Be8 18. b5 cxb5 19. cxb5 axb5 20. Qb3 Rc8 21. Nxb5 Rc5 22. Nc3 Qe6 23. dxe6 fxe6 24. Bxe6 b5 25. Bg4 Rh7 26. a4 Rhc7 27. Nd5 Bh6 28. Nxc7 1-0

[Event "IECC CL6-2011.04 email"]
[Site "IECC email"]
[Date "2011.03.28"]
[Round "?"]
[White "Hurley, Karen Jean"]
[Black "Bienkowski, Alejandro"]
[Result "1-0"]
[WhiteElo "1318"]
[BlackElo "1490"]
[PlyCount "29"]
[EventDate "2011.??.??"]
[EventType "tourn (corr)"]
[EventRounds "4"]
[SourceTitle "Corr 2015"]
[Source "ChessBase"]
[SourceDate "2015.07.17"]
[SourceVersion "1"]
[SourceVersionDate "2015.07.17"]
[SourceQuality "1"]
[WhiteTeam "England"]
[BlackTeam "Argentina"]
[WhiteTeamCountry "ENG"]
[BlackTeamCountry "ARG"]

1. e4 c5 2. Nf3 d6 3. Bb5+ Bd7 4. Bxd7+ Qxd7 5. 0-0 Nf6 6. e5 dxe5 7. Nxe5 Qc7 8. d4 Nc6 9. Nxc6 Qxc6 10. dxc5 e6 11. b4 b6 12. cxb6 axb6 13. c3 Be7 14. a3 Bxb4 15. cxb4 1-0

[Event "IECC CL6-2011.04 email"]
[Site "IECC email"]
[Date "2011.03.28"]
[Round "?"]
[White "Longden, Richard A"]
[Black "Hurley, Karen Jean"]
[Result "1-0"]
[WhiteElo "1221"]
[BlackElo "1382"]
[PlyCount "57"]
[EventDate "2011.??.??"]
[EventType "tourn (corr)"]
[EventRounds "4"]
[SourceTitle "Telechess CBM 149"]
[Source "ChessBase"]
[SourceDate "2012.07.17"]
[SourceVersion "1"]
[SourceVersionDate "2012.07.17"]
[SourceQuality "1"]
[BlackTeam "Scotland"]
[BlackTeamCountry "SCO"]

1. e4 e5 2. f4 exf4 3. Nf3 d5 4. c3 dxe4 5. Qa4+ c6 6. Qxe4+ Qe7 7. Qxe7+ Nxe7 8. d4 Ng6 9. Bd3 Bd6 10. Nbd2 0-0 11. Nc4 Bc7 12. 0-0 Be6 13. Ng5 Nd7 14. Bd2 Nf6 15. Nxe6 fxe6 16. Bxg6 hxg6 17. Bxf4 Bxf4 18. Rxf4 Nd5 19. Rg4 Rf6 20. Ne5 Kh7 21. Re1 Nb6 22. Rge4 Raf8 23. Nf3 Na4 24. Ng5+ Kg8 25. Nxe6 Rc8 26. Ng5 Rb8 27. d5 Nxb2 28. d6 Kf8 29. d7 1-0

[Event "IECC KO-2099"]
[Site "IECC email"]
[Date "2011.02.01"]
[Round "?"]
[White "Spiljard, Jan"]
[Black "Hurley, Karen Jean"]
[Result "0-1"]
[WhiteElo "1558"]
[BlackElo "1355"]
[PlyCount "64"]
[EventDate "2008.??.??"]
[EventType "match (corr)"]
[EventRounds "2"]
[SourceTitle "Telechess CBM 145"]
[Source "Chessbase"]
[SourceDate "2011.11.11"]
[SourceVersion "1"]
[SourceVersionDate "2011.11.11"]
[SourceQuality "1"]
[WhiteTeam "Scotland"]
[BlackTeam "England"]
[WhiteTeamCountry "SCO"]
[BlackTeamCountry "ENG"]

1. e4 e5 2. Nf3 Nf6 3. Nxe5 d6 4. Nf3 Nxe4 5. d4 d5 6. Bd3 Bd6 7. 0-0 0-0 8. c4 Nf6 9. Nc3 dxc4 10. Bxc4 Nc6 11. h3 h6 12. Re1 Bf5 13. d5 Ne7 14. Nd4 Bh7 15. Be3 a6 16. a4 Qd7 17. Qb3 c6 18. dxc6 Nxc6 19. Nxc6 Qxc6 20. Nd5 Nxd5 21. Bxd5 Qc7 22. Rac1 Qd7 23. Qxb7 Qxb7 24. Bxb7 Rab8 25. Bxa6 Rxb2 26. Bc5 Bxc5 27. Rxc5 g5 28. a5 Ra8 29. Bc4 Rb7 30. Bd5 Rba7 31. Bxa8 Rxa8 32. Ra1 Bd3 0-1

[Event "IECC CL6-2010.08 email"]
[Site "IECC email"]
[Date "2010.07.04"]
[Round "?"]
[White "D'Aragona, Vittoria"]
[Black "Hurley, Karen Jean"]
[Result "1/2-1/2"]
[WhiteElo "1440"]
[BlackElo "1316"]
[PlyCount "67"]
[EventDate "2010.??.??"]
[EventType "tourn (corr)"]
[EventRounds "4"]
[SourceTitle "Corr 2013"]
[Source "ChessBase"]
[SourceDate "2012.11.12"]
[SourceVersion "1"]
[SourceVersionDate "2012.11.12"]
[SourceQuality "1"]
[WhiteTeam "US of America"]
[BlackTeam "Argentina"]
[WhiteTeamCountry "USA"]
[BlackTeamCountry "ARG"]

1. e4 e5 2. Nf3 Nf6 3. d4 Nxe4 4. Bd3 d5 5. Nxe5 Nd7 6. 0-0 Nxe5 7. dxe5 Nc5 8. Be2 Be7 9. Nc3 c6 10. b4 Nd7 11. Qd4 0-0 12. a3 f6 13. f4 f5 14. a4 a6 15. Ba3 g6 16. a5 Re8 17. Rfd1 Bf8 18. Bf3 Bg7 19. Re1 Nf8 20. g3 Ne6 21. Qb6 Qxb6+ 22. axb6 Nd4 23. Bd1 Ne6 24. Ne2 a5 25. bxa5 Rxa5 26. c3 Ra6 27. Bc2 Rxb6 28. Bd6 Bf8 29. Bxf8 Kxf8 30. Ra7 Ra6 31. Rxa6 bxa6 32. Nd4 Nxd4 33. cxd4 Bd7 34. h3 1/2-1/2

[Event "IECC CL6-2010.06 email"]
[Site "IECC email"]
[Date "2010.05.17"]
[Round "?"]
[White "Hurley, Karen Jean"]
[Black "Inoue, Takahiro"]
[Result "0-1"]
[WhiteElo "1358"]
[BlackElo "1347"]
[PlyCount "106"]
[EventDate "2010.??.??"]
[EventType "tourn (corr)"]
[EventRounds "4"]
[SourceTitle "Telechess CBM 145"]
[Source "Chessbase"]
[SourceDate "2011.11.11"]
[SourceVersion "1"]
[SourceVersionDate "2011.11.11"]
[SourceQuality "1"]
[WhiteTeam "England"]
[BlackTeam "Japan"]
[WhiteTeamCountry "ENG"]
[BlackTeamCountry "JPN"]

1. e4 c5 2. Nf3 d6 3. Bb5+ Bd7 4. Bxd7+ Qxd7 5. 0-0 Nc6 6. c3 Nf6 7. d4 Nxe4 8. d5 Ne5 9. Re1 Nxf3+ 10. Qxf3 Nf6 11. c4 0-0-0 12. a3 g6 13. b4 Bg7 14. Bb2 Rhe8 15. Nd2 Kb8 16. b5 Qf5 17. Qxf5 gxf5 18. a4 Ne4 19. Bxg7 Nxd2 20. Rac1 e6 21. Red1 Ne4 22. f3 Rg8 23. Ba1 Ng5 24. Kf2 h6 25. h4 Nh7 26. f4 b6 27. Bc3 Rg4 28. g3 Kc7 29. Ra1 Rdg8 30. Rg1 e5 31. Bd2 Nf6 32. fxe5 Ne4+ 33. Ke1 Nxd2 34. exd6+ Kxd6 35. Kxd2 Rxc4 36. a5 Kxd5 37. axb6 axb6 38. Ra6 Rg6 39. Ra7 Rd6 40. Re1 Re4 41. Rxe4 Kxe4+ 42. Ke2 Rf6 43. Ra4+ Kd5 44. Ke3 c4 45. Ra1 Kc5 46. Rb1 Rd6 47. Kf4 Rd5 48. Kf3 Rd4 49. h5 c3 50. Ke3 Kc4 51. Rc1 Re4+ 52. Kf2 Kb3 53. Kf3 c2 0-1

[Event "IECC CL6-2009.21 email"]
[Site "IECC email"]
[Date "2009.09.19"]
[Round "?"]
[White "Hurley, Karen Jean"]
[Black "D'Aragona, Vittoria"]
[Result "1-0"]
[WhiteElo "1378"]
[BlackElo "1317"]
[PlyCount "65"]
[EventDate "2009.??.??"]
[EventType "tourn (corr)"]
[EventRounds "4"]
[SourceTitle "Corr 2013"]
[Source "ChessBase"]
[SourceDate "2012.11.12"]
[SourceVersion "1"]
[SourceVersionDate "2012.11.12"]
[SourceQuality "1"]
[WhiteTeam "Italy"]
[BlackTeam "Germany"]
[WhiteTeamCountry "ITA"]
[BlackTeamCountry "GER"]

1. e4 e6 2. d4 d5 3. exd5 exd5 4. Nf3 Nf6 5. Bd3 Bb4+ 6. c3 Be7 7. 0-0 0-0 8. Qc2 Re8 9. Be3 Nc6 10. Ne5 h6 11. Nxc6 bxc6 12. c4 Ng4 13. h3 Nxe3 14. fxe3 Bg5 15. e4 dxe4 16. Be2 Qxd4+ 17. Kh1 Qe5 18. Nc3 Bf5 19. g4 Qg3 20. Bd1 Qxh3+ 21. Kg1 Be3+ 22. Rf2 Bxg4 23. Bxg4 Qxg4+ 24. Kf1 Qh3+ 25. Ke1 Bxf2+ 26. Qxf2 Qh1+ 27. Qf1 Qxf1+ 28. Kxf1 f5 29. Ne2 Rad8 30. b3 g5 31. Ng1 f4 32. Nh3 e3 33. Ng1 1-0